Káva zvyšuje komfort nakupovania

Rýchly životný štýl priniesol zmeny v pití kávy. Výdajné okienka, pojazdné kaviarne, kávové kútiky či kávomaty sa stali súčasťou takmer každej predajne. Kávový kútik môže prilákať nových zákazníkov, najmä tých, ktorí sú na cestách. Výhodou pri predaji kávy sú najmä nízke náklady na jednu porciu a ob...

ver descrição completa

Na minha lista:
Detalhes bibliográficos
Autor principal: Kapitánová, Tatiana
Formato: Capítulo de Livro
Idioma:eslovaco
Assuntos:
Tags: Adicionar Tag
Sem tags, seja o primeiro a adicionar uma tag!

MARC

LEADER 00000naa a2200000 4500
001 0304967
005 20241107095855.2
041 0 |a slo 
044 |a CZ 
245 1 0 |a Káva zvyšuje komfort nakupovania  |c Tatiana Kapitánová 
520 |a Rýchly životný štýl priniesol zmeny v pití kávy. Výdajné okienka, pojazdné kaviarne, kávové kútiky či kávomaty sa stali súčasťou takmer každej predajne. Kávový kútik môže prilákať nových zákazníkov, najmä tých, ktorí sú na cestách. Výhodou pri predaji kávy sú najmä nízke náklady na jednu porciu a obvykle vysoká marža. Je to dobrý marketingový nástroj a teda aj dobrý benefit pre obchod. 
610 2 0 |a automaty predajné 
610 2 0 |a kaviarne 
610 2 0 |a káva 
610 2 0 |a vybavenosť pracoviska 
610 2 0 |a samoobsluhy 
610 2 0 |a preferencie spotrebiteľské 
610 2 0 |a kvalita tovaru 
100 1 |a Kapitánová, Tatiana